[Event "European Women's Championship"]
[Site "Vysoke Tatry"]
[Date "2018.04.17"]
[Round "9"]
[White "Danielian, Elina"]
[Black "Atalik, Ekaterina"]
[Result "0-1"]
[Board "4"]
[WhiteElo "2410"]
[WhiteTitle "GM"]
[WhiteCountry "ARM"]
[WhiteFideId "13300210"]
[WhiteEloChange "-4"]
[BlackElo "2452"]
[BlackTitle "IM"]
[BlackCountry "TUR"]
[BlackFideId "4130189"]
[BlackEloChange "4"]

1. d4 {[%clk 1:30:57]} Nf6 {[%clk 1:30:32]} 2. c4 {[%clk 1:31:20]} g6 {[%clk
1:30:42]} 3. Nf3 {[%clk 1:31:28]} Bg7 {[%clk 1:30:37]} 4. Nc3 {[%clk 1:30:37]} d5
{[%clk 1:29:11]} 5. Bg5 {[%clk 1:30:22]} Ne4 {[%clk 1:29:00]} 6. cxd5 {[%clk
1:28:59]} Nxg5 {[%clk 1:29:02]} 7. Nxg5 {[%clk 1:29:24]} e6 {[%clk 1:29:13]} 8.
Qd2 {[%clk 1:28:55]} h6 {[%clk 1:28:52]} 9. Nh3 {[%clk 1:25:00]} exd5 {[%clk
1:28:48]} 10. Qe3+ {[%clk 1:23:59]} Kf8 {[%clk 1:28:01]} 11. Nf4 {[%clk 1:24:21]}
c6 {[%clk 1:27:21]} 12. Qf3 {[%clk 1:19:44]} Kg8 {[%clk 1:23:01]} 13. e3 {[%clk
1:19:38]} Nd7 {[%clk 1:21:25]} 14. Bd3 {[%clk 1:18:00]} Nf6 {[%clk 1:17:58]} 15.
h3 {[%clk 1:06:05]} h5 {[%clk 1:13:03]} 16. Bc2 {[%clk 1:02:47]} Qd6 {[%clk
1:09:30]} 17. O-O-O {[%clk 0:56:09]} b5 {[%clk 1:02:13]} 18. Kb1 {[%clk 0:56:27]}
a5 {[%clk 1:00:45]} 19. Nd3 {[%clk 0:51:56]} Bf5 {[%clk 0:51:27]} 20. Ne5 {[%clk
0:50:37]} Be6 {[%clk 0:40:18]} 21. g4 {[%clk 0:35:59]} a4 {[%clk 0:37:02]} 22.
Qg2 {[%clk 0:12:05]} a3 {[%clk 0:29:06]} 23. f4 {[%clk 0:08:11]} Nd7 {[%clk
0:16:29]} 24. Nd3 {[%clk 0:03:27]} axb2 {[%clk 0:14:51]} 25. f5 {[%clk 0:03:19]}
gxf5 {[%clk 0:13:02]} 26. gxh5 {[%clk 0:03:35]} Rxh5 {[%clk 0:10:49]} 27. Rhg1
{[%clk 0:03:11]} Rh7 {[%clk 0:11:14]} 28. Nf4 {[%clk 0:03:09]} Nf6 {[%clk
0:11:10]} 29. Bb3 {[%clk 0:00:38]} Kh8 {[%clk 0:10:35]} 30. Qxb2 {[%clk 0:00:55]}
b4 {[%clk 0:10:17]} 31. Na4 {[%clk 0:01:03]} Ne4 {[%clk 0:10:22]} 32. Rc1 {[%clk
0:01:24]} Bh6 {[%clk 0:07:14]} 33. Qh2 {[%clk 0:01:30]} Bxf4 {[%clk 0:05:42]} 34.
exf4 {[%clk 0:01:58]} Qd8 {[%clk 0:01:21]} 35. Nc5 {[%clk 0:00:57]} Qf6 {[%clk
0:01:17]} 36. Nxe4 {[%clk 0:00:41]} fxe4 {[%clk 0:01:15]} 37. Rxc6 {[%clk
0:01:02]} Qxd4 {[%clk 0:01:03]} 38. Qg2 {[%clk 0:00:53]} Qd3+ {[%clk 0:01:04]}
39. Bc2 {[%clk 0:01:02]} Qd4 {[%clk 0:01:03]} 40. Ra6 {[%clk 0:30:34]} Rc8 {[%clk
0:31:02]} 41. Rd1 {[%clk 0:26:49]} Qc3 {[%clk 0:28:11]} 42. Rd6 {[%clk 0:13:16]}
Bxh3 {[%clk 0:20:58]} 43. Qd2 {[%clk 0:09:40]} Bg4 {[%clk 0:15:25]} 44. Qxc3+
{[%clk 0:09:50]} bxc3 {[%clk 0:15:18]} 45. Rg1 {[%clk 0:10:11]} Be6 {[%clk
0:13:48]} 46. f5 {[%clk 0:07:22]} Bxf5 {[%clk 0:14:01]} 47. Rxd5 {[%clk 0:07:48]}
Bg6 {[%clk 0:13:38]} 48. Re5 {[%clk 0:07:23]} Rh4 {[%clk 0:12:31]} 49. a4 {[%clk
0:07:02]} Kg7 {[%clk 0:07:31]} 50. a5 {[%clk 0:01:26]} Kf6 {[%clk 0:07:14]} 51.
Rb5 {[%clk 0:01:43]} Rc6 {[%clk 0:05:21]} 52. Re1 {[%clk 0:00:33]} Rh8 {[%clk
0:03:53]} 53. Ka2 {[%clk 0:00:31]} Rhc8 {[%clk 0:03:11]} 54. Kb3 {[%clk 0:00:41]}
Rc5 {[%clk 0:02:59]} 55. Rxc5 {[%clk 0:00:24]} Rxc5 {[%clk 0:03:25]} 56. a6
{[%clk 0:00:26]} Ra5 {[%clk 0:01:09]} 57. Bxe4 {[%clk 0:00:55]} Rxa6 {[%clk
0:01:12]} 58. Bxg6 {[%clk 0:01:18]} fxg6 {[%clk 0:01:19]} 59. Kxc3 {[%clk
0:01:44]} Rd6 {[%clk 0:01:24]} 60. Rf1+ {[%clk 0:01:52]} Ke5 {[%clk 0:01:47]} 61.
Rg1 {[%clk 0:01:33]} Kf4 {[%clk 0:01:58]} 62. Rf1+ {[%clk 0:01:49]} Ke3 {[%clk
0:02:23]} 63. Rg1 {[%clk 0:01:09]} Rc6+ {[%clk 0:02:48]} 64. Kb4 {[%clk 0:01:37]}
Kf2 {[%clk 0:02:20]} 65. Rg5 {[%clk 0:01:57]} Kf3 {[%clk 0:02:40]} 66. Rg1 {[%clk
0:02:16]} Kf4 {[%clk 0:02:16]} 67. Rf1+ {[%clk 0:02:42]} Ke5 {[%clk 0:02:01]} 68.
Re1+ {[%clk 0:01:22]} Kf6 {[%clk 0:02:20]} 69. Rf1+ {[%clk 0:01:48]} Kg7 {[%clk
0:02:45]} 70. Rg1 {[%clk 0:02:16]} Rc2 {[%clk 0:02:43]} 71. Kb3 {[%clk 0:02:38]}
Rc5 {[%clk 0:02:41]} 72. Kb4 {[%clk 0:03:02]} Rc2 {[%clk 0:01:34]} 73. Kb3 {[%clk
0:03:26]} Rc8 {[%clk 0:01:26]} 74. Kb4 {[%clk 0:03:50]} Kf6 {[%clk 0:01:47]} 75.
Rf1+ {[%clk 0:04:15]} Ke5 {[%clk 0:02:10]} 76. Rg1 {[%clk 0:03:23]} Kf5 {[%clk
0:02:30]} 77. Rf1+ {[%clk 0:03:48]} Ke4 {[%clk 0:02:55]} 78. Rg1 {[%clk 0:03:37]}
Rg8 {[%clk 0:03:20]} 79. Kc3 {[%clk 0:03:48]} g5 {[%clk 0:03:15]} 80. Kd2 {[%clk
0:03:54]} Kf3 {[%clk 0:03:40]} 81. Rf1+ {[%clk 0:02:56]} Kg2 {[%clk 0:04:04]} 82.
Ra1 {[%clk 0:02:33]} g4 {[%clk 0:04:10]} 83. Ke3 {[%clk 0:01:49]} g3 {[%clk
0:03:27]} 84. Ra7 {[%clk 0:01:02]} Rf8 {[%clk 0:02:52]} 85. Rg7 {[%clk 0:00:37]}
Kh2 {[%clk 0:03:07]} 86. Rh7+ {[%clk 0:00:50]} Kg1 {[%clk 0:03:30]} 87. Ke2
{[%clk 0:00:41]} g2 {[%clk 0:03:14]} 88. Ra7 {[%clk 0:00:36]} Rh8 {[%clk
0:03:00]} 89. Kf3 {[%clk 0:00:36]} Kh1 {[%clk 0:03:00]} 0-1

[Event "European Women's Championship"]
[Site "Vysoke Tatry"]
[Date "2018.04.17"]
[Round "9"]
[White "Gaponenko, Inna"]
[Black "Dzagnidze, Nana"]
[Result "0-1"]
[Board "5"]
[WhiteElo "2406"]
[WhiteTitle "IM"]
[WhiteCountry "UKR"]
[WhiteFideId "14101181"]
[WhiteEloChange "-4"]
[BlackElo "2507"]
[BlackTitle "GM"]
[BlackCountry "GEO"]
[BlackFideId "13601903"]
[BlackEloChange "4"]

1. e4 {[%clk 1:30:57]} c5 {[%clk 1:30:55]} 2. Nf3 {[%clk 1:31:21]} d6 {[%clk
1:31:19]} 3. d4 {[%clk 1:31:45]} cxd4 {[%clk 1:31:43]} 4. Nxd4 {[%clk 1:32:12]}
Nf6 {[%clk 1:32:07]} 5. Nc3 {[%clk 1:32:37]} a6 {[%clk 1:32:33]} 6. Be3 {[%clk
1:32:31]} e5 {[%clk 1:32:52]} 7. Nf3 {[%clk 1:32:49]} Qc7 {[%clk 1:33:10]} 8. a4
{[%clk 1:31:18]} Be7 {[%clk 1:32:10]} 9. a5 {[%clk 1:16:12]} Be6 {[%clk 1:30:57]}
10. Be2 {[%clk 0:56:58]} Nc6 {[%clk 1:17:36]} 11. Nd5 {[%clk 0:18:22]} Bxd5
{[%clk 1:11:01]} 12. exd5 {[%clk 0:18:48]} Nxa5 {[%clk 0:54:55]} 13. c4 {[%clk
0:19:07]} Nxc4 {[%clk 0:49:51]} 14. Qc2 {[%clk 0:17:32]} Rc8 {[%clk 0:50:01]} 15.
Rc1 {[%clk 0:17:42]} b5 {[%clk 0:50:02]} 16. b3 {[%clk 0:16:01]} Nxe3 {[%clk
0:48:12]} 17. Qxc7 {[%clk 0:16:27]} Nxg2+ {[%clk 0:36:58]} 18. Kf1 {[%clk
0:09:35]} Rxc7 {[%clk 0:37:21]} 19. Rxc7 {[%clk 0:10:04]} Nf4 {[%clk 0:37:22]}
20. Ra7 {[%clk 0:10:25]} N6xd5 {[%clk 0:37:18]} 21. Ra8+ {[%clk 0:08:06]} Bd8
{[%clk 0:37:39]} 22. Rxa6 {[%clk 0:08:32]} Nc3 {[%clk 0:36:19]} 23. Ng1 {[%clk
0:08:55]} O-O {[%clk 0:23:24]} 24. Bf3 {[%clk 0:05:49]} d5 {[%clk 0:17:08]} 25.
Ne2 {[%clk 0:06:15]} Nfxe2 {[%clk 0:17:10]} 26. Bxe2 {[%clk 0:06:43]} e4 {[%clk
0:16:15]} 27. Rg1 {[%clk 0:05:33]} d4 {[%clk 0:11:31]} 28. Rd6 {[%clk 0:02:50]}
d3 {[%clk 0:09:55]} 29. Bxd3 {[%clk 0:03:14]} exd3 {[%clk 0:10:20]} 30. Rxd3
{[%clk 0:03:41]} Bf6 {[%clk 0:10:21]} 31. Rgg3 {[%clk 0:01:22]} Rc8 {[%clk
0:10:04]} 32. Rge3 {[%clk 0:01:35]} h5 {[%clk 0:09:13]} 33. Rd6 {[%clk 0:00:59]}
h4 {[%clk 0:08:54]} 34. Kg2 {[%clk 0:01:04]} Kh7 {[%clk 0:08:20]} 35. Kh3 {[%clk
0:00:56]} Rc5 {[%clk 0:08:08]} 36. Rd7 {[%clk 0:00:40]} Rf5 {[%clk 0:07:45]} 37.
Kg2 {[%clk 0:00:32]} Nd5 {[%clk 0:07:31]} 38. Re4 {[%clk 0:00:49]} Nf4+ {[%clk
0:07:07]} 39. Kf3 {[%clk 0:01:13]} Ne6+ {[%clk 0:06:30]} 40. Kg4 {[%clk 0:30:56]}
Rxf2 {[%clk 0:36:31]} 41. Rxf7 {[%clk 0:31:01]} Ng5 {[%clk 0:36:14]} 0-1

[Event "European Women's Championship"]
[Site "Vysoke Tatry"]
[Date "2018.04.17"]
[Round "9"]
[White "Goryachkina, Aleksandra"]
[Black "Shvayger, Yuliya"]
[Result "1-0"]
[Board "6"]
[WhiteElo "2495"]
[WhiteTitle "WGM"]
[WhiteCountry "RUS"]
[WhiteFideId "4147103"]
[WhiteEloChange "4"]
[BlackElo "2404"]
[BlackTitle "IM"]
[BlackCountry "ISR"]
[BlackFideId "14100126"]
[BlackEloChange "-4"]

1. e4 {[%clk 1:30:55]} e5 {[%clk 1:29:02]} 2. Nf3 {[%clk 1:31:09]} Nf6 {[%clk
1:29:20]} 3. Nc3 {[%clk 1:31:11]} Nc6 {[%clk 1:26:44]} 4. d4 {[%clk 1:31:18]}
exd4 {[%clk 1:26:09]} 5. Nxd4 {[%clk 1:31:39]} Bb4 {[%clk 1:24:30]} 6. Nxc6
{[%clk 1:31:49]} bxc6 {[%clk 1:24:50]} 7. Bd3 {[%clk 1:32:05]} d5 {[%clk
1:23:04]} 8. exd5 {[%clk 1:30:48]} cxd5 {[%clk 1:23:25]} 9. O-O {[%clk 1:30:41]}
O-O {[%clk 1:23:47]} 10. h3 {[%clk 1:30:43]} c6 {[%clk 1:22:20]} 11. Qf3 {[%clk
1:30:27]} Re8 {[%clk 1:22:41]} 12. Bf4 {[%clk 1:28:11]} Bd6 {[%clk 1:19:36]} 13.
Rad1 {[%clk 1:25:17]} Be6 {[%clk 1:13:10]} 14. Ne2 {[%clk 1:21:28]} Bxf4 {[%clk
1:09:22]} 15. Nxf4 {[%clk 1:18:19]} Qb6 {[%clk 1:08:36]} 16. b3 {[%clk 1:15:34]}
Rad8 {[%clk 1:08:37]} 17. c3 {[%clk 1:07:25]} Bc8 {[%clk 1:07:06]} 18. Rfe1
{[%clk 1:04:32]} Bb7 {[%clk 1:01:07]} 19. Nh5 {[%clk 0:55:19]} Nxh5 {[%clk
0:59:05]} 20. Qxh5 {[%clk 0:55:31]} g6 {[%clk 0:59:03]} 21. Qg5 {[%clk 0:55:28]}
Qc5 {[%clk 0:44:02]} 22. Re3 {[%clk 0:44:26]} Qd6 {[%clk 0:41:32]} 23. Rde1
{[%clk 0:38:06]} Rxe3 {[%clk 0:41:53]} 24. Rxe3 {[%clk 0:36:29]} Rd7 {[%clk
0:23:58]} 25. h4 {[%clk 0:32:40]} f6 {[%clk 0:15:22]} 26. Re8+ {[%clk 0:30:53]}
Kg7 {[%clk 0:13:52]} 27. Qe3 {[%clk 0:30:43]} c5 {[%clk 0:12:56]} 28. h5 {[%clk
0:25:05]} gxh5 {[%clk 0:11:50]} 29. Qe2 {[%clk 0:18:40]} Kh6 {[%clk 0:07:48]} 30.
Rg8 {[%clk 0:16:12]} Qf4 {[%clk 0:07:29]} 31. Qe8 {[%clk 0:15:50]} Qc1+ {[%clk
0:06:16]} 32. Bf1 {[%clk 0:15:43]} 1-0

[Event "European Women's Championship"]
[Site "Vysoke Tatry"]
[Date "2018.04.17"]
[Round "9"]
[White "Shuvalova, Polina"]
[Black "Javakhishvili, Lela"]
[Result "1/2-1/2"]
[Board "7"]
[WhiteElo "2389"]
[WhiteTitle "WIM"]
[WhiteCountry "RUS"]
[WhiteFideId "24171760"]
[WhiteEloChange "2"]
[BlackElo "2467"]
[BlackTitle "IM"]
[BlackCountry "GEO"]
[BlackFideId "13601458"]
[BlackEloChange "-1"]

1. d4 {[%clk 1:30:54]} Nf6 {[%clk 1:30:44]} 2. c4 {[%clk 1:31:22]} e6 {[%clk
1:31:07]} 3. Nf3 {[%clk 1:31:40]} c5 {[%clk 1:29:10]} 4. d5 {[%clk 1:32:02]} exd5
{[%clk 1:29:34]} 5. cxd5 {[%clk 1:32:29]} g6 {[%clk 1:29:58]} 6. Nc3 {[%clk
1:32:54]} Bg7 {[%clk 1:30:22]} 7. e4 {[%clk 1:31:30]} d6 {[%clk 1:30:32]} 8. Be2
{[%clk 1:31:23]} O-O {[%clk 1:30:51]} 9. O-O {[%clk 1:31:46]} Bg4 {[%clk
1:30:17]} 10. Bf4 {[%clk 1:26:07]} a6 {[%clk 1:29:04]} 11. h3 {[%clk 1:21:56]}
Bxf3 {[%clk 1:29:26]} 12. Bxf3 {[%clk 1:22:19]} Re8 {[%clk 1:28:11]} 13. Re1
{[%clk 1:16:14]} b5 {[%clk 1:17:12]} 14. e5 {[%clk 1:09:30]} dxe5 {[%clk
1:17:35]} 15. d6 {[%clk 1:04:39]} Nbd7 {[%clk 0:42:56]} 16. Bxa8 {[%clk 0:51:51]}
Qxa8 {[%clk 0:43:17]} 17. Bg5 {[%clk 0:51:02]} Qc6 {[%clk 0:42:06]} 18. Qe2
{[%clk 0:46:24]} Qxd6 {[%clk 0:38:44]} 19. a4 {[%clk 0:42:13]} b4 {[%clk
0:38:32]} 20. Ne4 {[%clk 0:36:38]} Qc6 {[%clk 0:35:20]} 21. Bxf6 {[%clk 0:32:08]}
Nxf6 {[%clk 0:35:36]} 22. Rac1 {[%clk 0:26:38]} Nxe4 {[%clk 0:33:11]} 23. Qxe4
{[%clk 0:27:06]} Qxe4 {[%clk 0:26:56]} 24. Rxe4 {[%clk 0:27:33]} f5 {[%clk
0:27:06]} 25. Rec4 {[%clk 0:26:15]} Bf8 {[%clk 0:26:42]} 26. Rd1 {[%clk 0:25:18]}
e4 {[%clk 0:25:01]} 27. Kf1 {[%clk 0:21:58]} Re6 {[%clk 0:21:38]} 28. Ke2 {[%clk
0:19:06]} Bd6 {[%clk 0:20:41]} 29. f3 {[%clk 0:16:52]} exf3+ {[%clk 0:19:01]} 30.
Kxf3 {[%clk 0:17:18]} Kf7 {[%clk 0:17:36]} 31. b3 {[%clk 0:13:55]} g5 {[%clk
0:07:01]} 32. g4 {[%clk 0:09:26]} fxg4+ {[%clk 0:07:13]} 33. Rxg4 {[%clk
0:05:57]} Bf4 {[%clk 0:06:26]} 34. Rd3 {[%clk 0:05:34]} Rc6 {[%clk 0:04:00]} 35.
Rg2 {[%clk 0:02:26]} c4 {[%clk 0:04:01]} 36. bxc4 {[%clk 0:02:14]} Rxc4 {[%clk
0:04:27]} 37. Re2 {[%clk 0:02:28]} Rc6 {[%clk 0:02:18]} 38. a5 {[%clk 0:01:29]}
Rc5 {[%clk 0:02:21]} 39. Re4 {[%clk 0:00:58]} Rb5 {[%clk 0:01:58]} 40. Rd7+
{[%clk 0:30:41]} Kf6 {[%clk 0:32:05]} 41. Rxh7 {[%clk 0:17:28]} b3 {[%clk
0:30:37]} 42. Rh6+ {[%clk 0:14:08]} Kf5 {[%clk 0:28:10]} 43. Rb6 {[%clk 0:11:56]}
Rxa5 {[%clk 0:21:52]} 44. Rxb3 {[%clk 0:12:20]} Ra1 {[%clk 0:21:08]} 45. Rc4
{[%clk 0:11:09]} Rh1 {[%clk 0:18:08]} 46. Rc5+ {[%clk 0:11:07]} Kg6 {[%clk
0:18:25]} 47. Rc6+ {[%clk 0:08:27]} Kf5 {[%clk 0:18:44]} 48. Rc5+ {[%clk
0:08:32]} Kg6 {[%clk 0:19:09]} 49. Rc6+ {[%clk 0:08:29]} Kf5 {[%clk 0:19:37]} 50.
Rc5+ {[%clk 0:08:54]} 1/2-1/2

[Event "European Women's Championship"]
[Site "Vysoke Tatry"]
[Date "2018.04.17"]
[Round "9"]
[White "Ziaziulkina, Nastassia"]
[Black "Bulmaga, Irina"]
[Result "1/2-1/2"]
[Board "8"]
[WhiteElo "2363"]
[WhiteTitle "IM"]
[WhiteCountry "BLR"]
[WhiteFideId "13505211"]
[WhiteEloChange "1"]
[BlackElo "2414"]
[BlackTitle "IM"]
[BlackCountry "ROU"]
[BlackFideId "13903063"]
[BlackEloChange "-1"]

1. e4 {[%clk 1:30:52]} e5 {[%clk 1:30:53]} 2. Nf3 {[%clk 1:30:47]} Nc6 {[%clk
1:31:15]} 3. d4 {[%clk 1:30:44]} exd4 {[%clk 1:31:34]} 4. Nxd4 {[%clk 1:31:11]}
Nf6 {[%clk 1:31:39]} 5. Nxc6 {[%clk 1:31:24]} bxc6 {[%clk 1:32:01]} 6. e5 {[%clk
1:31:50]} Qe7 {[%clk 1:32:16]} 7. Qe2 {[%clk 1:32:11]} Nd5 {[%clk 1:32:37]} 8. c4
{[%clk 1:32:31]} Nb6 {[%clk 1:32:58]} 9. Nc3 {[%clk 1:32:07]} Qe6 {[%clk
1:33:12]} 10. Qe4 {[%clk 1:31:27]} g6 {[%clk 1:33:11]} 11. Bd2 {[%clk 1:30:49]}
Ba6 {[%clk 1:29:51]} 12. b3 {[%clk 1:23:08]} Bg7 {[%clk 1:21:12]} 13. O-O-O
{[%clk 1:22:55]} O-O {[%clk 1:20:47]} 14. c5 {[%clk 1:23:14]} Bxf1 {[%clk
1:11:11]} 15. cxb6 {[%clk 1:23:30]} Ba6 {[%clk 1:07:03]} 16. bxc7 {[%clk
1:23:17]} Rac8 {[%clk 0:55:36]} 17. Bf4 {[%clk 1:09:22]} f5 {[%clk 0:45:57]} 18.
Qe3 {[%clk 1:05:23]} g5 {[%clk 0:38:10]} 19. Bxg5 {[%clk 1:03:58]} f4 {[%clk
0:37:40]} 20. Qc5 {[%clk 0:57:50]} Rf5 {[%clk 0:29:29]} 21. Qe7 {[%clk 0:43:43]}
Qxe5 {[%clk 0:26:44]} 22. Qxe5 {[%clk 0:43:42]} Rxe5 {[%clk 0:24:11]} 23. Bxf4
{[%clk 0:39:46]} Rc5 {[%clk 0:24:31]} 24. Rxd7 {[%clk 0:39:45]} Bxc3 {[%clk
0:19:40]} 25. Kb1 {[%clk 0:33:46]} Rd5 {[%clk 0:15:52]} 26. Rd1 {[%clk 0:33:37]}
Rxd1+ {[%clk 0:13:12]} 27. Rxd1 {[%clk 0:34:04]} Ba5 {[%clk 0:07:10]} 28. Rd7
{[%clk 0:33:05]} Re8 {[%clk 0:05:32]} 29. g4 {[%clk 0:21:20]} Bc8 {[%clk
0:04:46]} 30. Rd3 {[%clk 0:21:47]} Kf7 {[%clk 0:04:05]} 31. f3 {[%clk 0:19:30]}
Ba6 {[%clk 0:03:13]} 32. Rd4 {[%clk 0:17:48]} Bb6 {[%clk 0:02:45]} 33. Rd6 {[%clk
0:16:32]} Bb7 {[%clk 0:02:01]} 34. Bg5 {[%clk 0:15:50]} c5 {[%clk 0:00:35]} 35.
Rd7+ {[%clk 0:12:44]} Kg6 {[%clk 0:00:31]} 36. h4 {[%clk 0:09:25]} Bxf3 {[%clk
0:00:51]} 37. Rd6+ {[%clk 0:09:20]} Kg7 {[%clk 0:01:19]} 38. Rd7+ {[%clk
0:09:45]} Kf8 {[%clk 0:01:03]} 39. Be7+ {[%clk 0:09:15]} Kg8 {[%clk 0:00:34]} 40.
Rd8 {[%clk 0:39:15]} Be4+ {[%clk 0:30:47]} 41. Kb2 {[%clk 0:29:44]} Rxd8 {[%clk
0:24:33]} 42. cxd8Q+ {[%clk 0:29:41]} Bxd8 {[%clk 0:24:58]} 43. Bxd8 {[%clk
0:30:06]} Kf7 {[%clk 0:25:22]} 44. Kc3 {[%clk 0:27:21]} Ke6 {[%clk 0:24:31]} 45.
Kc4 {[%clk 0:25:19]} Kd7 {[%clk 0:24:47]} 46. Bf6 {[%clk 0:24:08]} Kc6 {[%clk
0:25:11]} 47. Be7 {[%clk 0:24:12]} Bd5+ {[%clk 0:25:21]} 48. Kc3 {[%clk 0:23:55]}
Kb5 {[%clk 0:25:29]} 49. g5 {[%clk 0:23:17]} Bf7 {[%clk 0:24:57]} 50. Bf8 {[%clk
0:22:03]} 1/2-1/2

[Event "European Women's Championship"]
[Site "Vysoke Tatry"]
[Date "2018.04.17"]
[Round "9"]
[White "Osmak, Iulija"]
[Black "Nechaeva, Marina"]
[Result "1-0"]
[Board "9"]
[WhiteElo "2361"]
[WhiteTitle "IM"]
[WhiteCountry "UKR"]
[WhiteFideId "14101602"]
[WhiteEloChange "11"]
[BlackElo "2413"]
[BlackTitle "IM"]
[BlackCountry "RUS"]
[BlackFideId "4149351"]
[BlackEloChange "-6"]

1. d4 {[%clk 1:27:11]} d5 {[%clk 1:30:53]} 2. Bf4 {[%clk 1:27:31]} Nf6 {[%clk
1:31:18]} 3. e3 {[%clk 1:27:57]} c5 {[%clk 1:31:45]} 4. c3 {[%clk 1:28:24]} Nc6
{[%clk 1:32:10]} 5. Nd2 {[%clk 1:28:50]} cxd4 {[%clk 1:31:48]} 6. exd4 {[%clk
1:28:38]} Bf5 {[%clk 1:32:14]} 7. Ngf3 {[%clk 1:28:41]} e6 {[%clk 1:32:38]} 8.
Qb3 {[%clk 1:28:54]} Qc8 {[%clk 1:33:03]} 9. Nh4 {[%clk 1:29:13]} Bg6 {[%clk
1:33:27]} 10. Nxg6 {[%clk 1:28:52]} hxg6 {[%clk 1:33:53]} 11. Bd3 {[%clk
1:28:57]} Be7 {[%clk 1:34:18]} 12. O-O {[%clk 1:28:03]} Nh5 {[%clk 1:29:54]} 13.
Be3 {[%clk 1:27:46]} Qc7 {[%clk 1:29:08]} 14. g3 {[%clk 1:15:41]} O-O {[%clk
1:20:14]} 15. f4 {[%clk 1:07:18]} Nf6 {[%clk 1:19:07]} 16. Qd1 {[%clk 1:05:23]}
Na5 {[%clk 1:18:32]} 17. Qe2 {[%clk 1:03:23]} Rac8 {[%clk 1:18:35]} 18. Nf3
{[%clk 0:59:00]} Nc4 {[%clk 1:03:36]} 19. Ng5 {[%clk 0:54:17]} Rfe8 {[%clk
0:49:20]} 20. Rae1 {[%clk 0:49:38]} Nxe3 {[%clk 0:47:09]} 21. Qxe3 {[%clk
0:50:03]} Bd6 {[%clk 0:47:23]} 22. Qf3 {[%clk 0:45:05]} Rb8 {[%clk 0:44:21]} 23.
Re3 {[%clk 0:40:19]} b5 {[%clk 0:44:14]} 24. b4 {[%clk 0:38:08]} a5 {[%clk
0:43:22]} 25. a3 {[%clk 0:38:33]} axb4 {[%clk 0:43:01]} 26. axb4 {[%clk 0:38:54]}
Re7 {[%clk 0:40:41]} 27. Be2 {[%clk 0:36:39]} Qa7 {[%clk 0:40:21]} 28. g4 {[%clk
0:32:12]} Rc7 {[%clk 0:34:48]} 29. Qh3 {[%clk 0:29:18]} Rbc8 {[%clk 0:34:18]} 30.
Rff3 {[%clk 0:26:46]} Qa1+ {[%clk 0:31:27]} 31. Kg2 {[%clk 0:24:49]} Qe1 {[%clk
0:15:52]} 32. f5 {[%clk 0:14:23]} Rxc3 {[%clk 0:11:31]} 33. fxe6 {[%clk 0:11:23]}
fxe6 {[%clk 0:07:46]} 34. Rxf6 {[%clk 0:09:50]} Qxe2+ {[%clk 0:08:12]} 35. Rf2
{[%clk 0:09:37]} Qxf2+ {[%clk 0:08:34]} 36. Kxf2 {[%clk 0:10:03]} Rc2+ {[%clk
0:08:15]} 37. Re2 {[%clk 0:09:54]} Rf8+ {[%clk 0:08:25]} 38. Kg1 {[%clk 0:08:11]}
1-0

[Event "European Women's Championship"]
[Site "Vysoke Tatry"]
[Date "2018.04.17"]
[Round "9"]
[White "Cramling, Pia"]
[Black "Mammadzada, Gunay"]
[Result "1/2-1/2"]
[Board "10"]
[WhiteElo "2472"]
[WhiteTitle "GM"]
[WhiteCountry "SWE"]
[WhiteFideId "1700030"]
[WhiteEloChange "-1"]
[BlackElo "2392"]
[BlackTitle "IM"]
[BlackCountry "AZE"]
[BlackFideId "13403729"]
[BlackEloChange "2"]

1. Nf3 {[%clk 1:30:56]} c5 {[%clk 1:30:45]} 2. c4 {[%clk 1:31:02]} b6 {[%clk
1:31:02]} 3. e3 {[%clk 1:30:33]} Bb7 {[%clk 1:30:35]} 4. d4 {[%clk 1:29:18]} cxd4
{[%clk 1:30:31]} 5. exd4 {[%clk 1:29:44]} Nf6 {[%clk 1:29:55]} 6. Nc3 {[%clk
1:29:18]} e6 {[%clk 1:30:11]} 7. Bd3 {[%clk 1:29:15]} Be7 {[%clk 1:30:21]} 8. O-O
{[%clk 1:29:08]} d5 {[%clk 1:30:42]} 9. cxd5 {[%clk 1:29:15]} Nxd5 {[%clk
1:31:06]} 10. Ne5 {[%clk 1:29:28]} O-O {[%clk 1:31:25]} 11. Qg4 {[%clk 1:29:47]}
f5 {[%clk 1:30:38]} 12. Qe2 {[%clk 1:30:05]} Nc7 {[%clk 1:30:58]} 13. Rd1 {[%clk
1:20:40]} Nc6 {[%clk 1:22:37]} 14. Nxc6 {[%clk 1:10:41]} Bxc6 {[%clk 1:23:02]}
15. Bf4 {[%clk 1:09:52]} Bd6 {[%clk 1:21:40]} 16. Be5 {[%clk 1:09:20]} Qd7 {[%clk
1:11:06]} 17. Bc4 {[%clk 0:59:37]} Rfe8 {[%clk 1:03:30]} 18. Qd3 {[%clk 0:47:31]}
Kh8 {[%clk 0:54:18]} 19. Qg3 {[%clk 0:42:24]} Rad8 {[%clk 0:53:34]} 20. a3 {[%clk
0:42:05]} Re7 {[%clk 0:39:09]} 21. Rac1 {[%clk 0:36:50]} Rf7 {[%clk 0:29:42]} 22.
Qf4 {[%clk 0:36:27]} Qe7 {[%clk 0:24:15]} 23. h4 {[%clk 0:35:41]} Qf8 {[%clk
0:21:30]} 24. Bb3 {[%clk 0:23:14]} Rfd7 {[%clk 0:20:36]} 25. Re1 {[%clk 0:21:24]}
Qf7 {[%clk 0:16:10]} 26. Rcd1 {[%clk 0:14:49]} Bxe5 {[%clk 0:13:07]} 27. dxe5
{[%clk 0:12:16]} Nd5 {[%clk 0:11:13]} 28. Bxd5 {[%clk 0:08:27]} Bxd5 {[%clk
0:11:38]} 29. Nxd5 {[%clk 0:08:34]} Rxd5 {[%clk 0:12:04]} 30. Rxd5 {[%clk
0:08:39]} Rxd5 {[%clk 0:12:28]} 31. Rc1 {[%clk 0:08:30]} h6 {[%clk 0:11:05]} 32.
Rc8+ {[%clk 0:05:59]} Kh7 {[%clk 0:11:31]} 33. Rc6 {[%clk 0:06:17]} Rd1+ {[%clk
0:10:50]} 34. Kh2 {[%clk 0:06:44]} Re1 {[%clk 0:11:11]} 35. Rc4 {[%clk 0:04:22]}
Qd7 {[%clk 0:11:01]} 36. Rd4 {[%clk 0:03:57]} Qb5 {[%clk 0:11:03]} 37. b4 {[%clk
0:03:10]} Rxe5 {[%clk 0:08:24]} 38. a4 {[%clk 0:00:41]} Qe2 {[%clk 0:08:45]} 39.
Kg3 {[%clk 0:00:37]} Qe1 {[%clk 0:07:07]} 40. h5 {[%clk 0:30:49]} Qc3+ {[%clk
0:36:12]} 41. Kh2 {[%clk 0:28:43]} Re2 {[%clk 0:27:45]} 42. Qg3 {[%clk 0:21:13]}
Qxg3+ {[%clk 0:18:55]} 43. Kxg3 {[%clk 0:21:40]} a5 {[%clk 0:17:17]} 44. b5
{[%clk 0:19:47]} Kg8 {[%clk 0:16:34]} 45. Rd6 {[%clk 0:16:26]} Kf7 {[%clk
0:16:52]} 46. Rxb6 {[%clk 0:16:46]} Re4 {[%clk 0:16:51]} 47. Ra6 {[%clk 0:10:16]}
Rxa4 {[%clk 0:17:08]} 48. f3 {[%clk 0:09:03]} Kf6 {[%clk 0:15:59]} 49. Ra8 {[%clk
0:08:52]} Ra2 {[%clk 0:14:39]} 50. Rf8+ {[%clk 0:08:15]} Ke7 {[%clk 0:14:57]} 51.
Ra8 {[%clk 0:08:40]} a4 {[%clk 0:15:00]} 52. Kh3 {[%clk 0:08:54]} Rb2 {[%clk
0:13:30]} 53. Rxa4 {[%clk 0:09:04]} Rxb5 {[%clk 0:13:55]} 54. g4 {[%clk 0:08:52]}
Kf6 {[%clk 0:12:33]} 55. Kh4 {[%clk 0:06:46]} Rb3 {[%clk 0:11:26]} 56. f4 {[%clk
0:04:17]} fxg4 {[%clk 0:06:37]} 57. Kxg4 {[%clk 0:04:39]} Rb1 {[%clk 0:06:02]}
58. Ra5 {[%clk 0:04:03]} Rg1+ {[%clk 0:05:15]} 59. Kf3 {[%clk 0:04:25]} Re1
{[%clk 0:04:20]} 60. Kg4 {[%clk 0:04:14]} Rd1 {[%clk 0:04:09]} 61. Rb5 {[%clk
0:04:13]} Rg1+ {[%clk 0:02:18]} 62. Kf3 {[%clk 0:04:36]} Rh1 {[%clk 0:02:44]} 63.
Kg4 {[%clk 0:04:46]} g6 {[%clk 0:02:39]} 64. hxg6 {[%clk 0:04:39]} Kxg6 {[%clk
0:03:04]} 65. Re5 {[%clk 0:04:05]} Kf6 {[%clk 0:03:05]} 66. Kf3 {[%clk 0:04:01]}
Rf1+ {[%clk 0:02:02]} 67. Kg4 {[%clk 0:03:37]} Rg1+ {[%clk 0:02:20]} 68. Kf3
{[%clk 0:02:04]} Rg8 {[%clk 0:01:44]} 69. Rh5 {[%clk 0:01:56]} Kg6 {[%clk
0:02:08]} 70. Re5 {[%clk 0:02:19]} 1/2-1/2